Catálogo

LA IMPLEMENTACION DE LAS POLITICAS (Registro nro. 36854)

Detalles MARC
000 -LEADER
fixed length control field 00491nam a2200181 a 4500
001 - CONTROL NUMBER
control field 36854
005 - DATE AND TIME OF LATEST TRANSACTION
control field 20180714005601.0
008 - FIXED-LENGTH DATA ELEMENTS--GENERAL INFORMATION
fixed length control field 140415s1993 mx 000 0 spa d
020 ## - INTERNATIONAL STANDARD BOOK NUMBER
International Standard Book Number 9688423211
041 ## - LANGUAGE CODE
Language code of text/sound track or separate title spa
082 ## - DEWEY DECIMAL CLASSIFICATION NUMBER
Classification number 320.6
Item number AGU
100 1# - MAIN ENTRY--PERSONAL NAME
Personal name AGUILAR VILLANUEVA, LUIS F.
245 13 - TITLE STATEMENT
Title LA IMPLEMENTACION DE LAS POLITICAS
250 ## - EDITION STATEMENT
Edition statement 1a ed.
260 ## - PUBLICATION, DISTRIBUTION, ETC.
Place of publication, distribution, etc. MEXICO :
Name of publisher, distributor, etc. PORRUA,
Date of publication, distribution, etc. 1993
300 ## - PHYSICAL DESCRIPTION
Extent 471
650 14 - SUBJECT ADDED ENTRY--TOPICAL TERM
Topical term or geographic name entry element CABILDEO
General subdivision CIENCIAS POLITICAS
-- POLITICA
-- TEORIA
Existencias
Withdrawn status Lost status Source of classification or shelving scheme Damaged status Not for loan Collection code Home library Current library Shelving location Date acquired Source of acquisition Inventory number Total Checkouts Full call number Barcode Date last seen Date last checked out Price effective from Koha item type
    Dewey Decimal Classification     General Biblioteca Karol Wojtyla Biblioteca Karol Wojtyla Sala general 03/12/2013 Compra 151000000000000000056028 1 320.6 AGU 55387 05/01/2026 30/03/2019 03/12/2013 Libro